00726nam a2200157 a 4500008004100000050001700041110005500058245014600113260003900259300000900298350000900307500010100316650003200417650007900449650004000528091209s2003 ||||||||||||||||| || u aHC 79.E5 UNI aUnited Nations Economic and Social Affairs (UNESA)10aJohannesburg declaration on sustainable development and plan of implementation of the world summit on sustainable developmentcUnited Nations aJohannesburgbUNITED NATIONSc2003 a88p. a0.00 aWord Summit on Sustainable Development, 26 August - 4 September 2002, Johannesburg, South Africa 0aAFRICA--ECONOMIC CONDITIONS aWORLD SUMMIT ON SUSTAINABLE DEVELOPMENT (2002: JOHANNESBURG, SOUTH AFRICA) aSUSTAINABLE DEVELOPMENT--CONGRESSES